000 01927nam a2200217Ii 4500
008 221202s xx 000 0 und d
245 0 _aAspects of Roman Dance Culture
246 _aReligious Cults, Theatrical Entertainments, Metaphorical Appropriations
264 _bFranz Steiner Verlag
_c2022
300 _a1 online resource
336 _atext
_btxt
_2rdacontent
337 _acomputer
_bc
_2rdamedia
338 _aonline resource
_bcr
_2rdacarrier
520 _aThe fourteen chapters of this e-book examine Roman dance by looking at its role in Roman religion, by following it into the theatre and the banquet hall, and by tracing its (metaphorical) presence in a variety of literary contexts, including rhetorical treatises, biography, and lyric poetry. These different approaches, which draw on literary texts, inscriptions, documentary papyri, the visual record, and modern reperformances, converge in illustrating a rich and vibrant dance culture which prided itself on indigenous dances no less than on its capacity to absorb, transform, or revive the dance traditions of their Etruscan or Greek neighbours. Dance was a cultural practice which was able to affirm Romanness, for instance in the case of the Salian priests, but also to raise the question of what was Roman in the first place, for instance when the originally Greek pantomime was embraced by Augustus and came to be known as Italian style of dancing. Together the fourteen case studies offer fresh perspectives on an underexplored topic, shedding light on the manifold contexts, functions, practitioners, and appreciations of Roman dance.
653 _aDance
653 _aHistory & Criticism
653 _aPerforming Arts
700 1 _aSchlapbach, Karin
856 _uhttps://docs.google.com/spreadsheets/d/1yKIrdCPDAG_9c22mwoOIO2DOhtj65Wqa/edit?usp=sharing&ouid=106555315294820607512&rtpof=true&sd=true
_yList of Curated E-Books
942 _cE-BOOK
999 _c91823
_d91820